000 00814nmm a2200265 a 4500
001 ocm0001512297
003 TR-IsHL
005 20201028165228.0
008 160220s2014 tu tur
007 cr cn
020 _a9786054579679
035 _a1512297
_b(N$T)
050 0 4 _aKKX110.U72
_bA3 2014
090 0 4 _aKKX110.U72
_bA3 2014
100 1 _aUral, Engin
245 1 0 _aÇevremizde 40 yıl
_h[electronic resource] /
_cEngin Ural
260 _aAnkara :
_bEfil Yayınevi,
_c2014
300 _a258 p.
650 4 _aHukuk
650 4 _aLaw
650 0 _aAvukatlar
_xTürkiye
_xBiyografi
650 0 _aLawyers
_xTurkey
_xBiography
650 7 _aLITERARY COLLECTIONS / Middle Eastern
_2bisacsh
856 4 0 _uhttp://search.ebscohost.com/login.aspx?direct=true&scope=site&db=e011xww&AN=1512297
999 _c15819
_d15819